[Event "HCL-B3888"]
[Site "www.playchess.de"]
[Date "2006.03.08"]
[Round "16"]
[White "IRONMAIDEN"]
[Black "ArieL"]
[WhiteElo "1268"]
[BlackElo "1200"]
[PlyCount "108"]
[Result "0-1"]

1.c4 {hello!}  e5 {hi}  2.Nc3 Nc6 3.Nf3 Nf6 4.d4 
exd4 5.Nxd4 Nxd4 6.e3 Nc6 7.Be2 Bb4 8.Bd2 d5 
9.cxd5 Nxd5 10.Nxd5 Qxd5 11.Bc3 Qxg2 12.Rf1 Bd6 
13.Bf3 Qg6 14.Qa4 O-O 15.Bxc6 bxc6 16.Qxc6 Bg4 
17.Rg1 Bxh2 18.Qxg6 fxg6 19.Rxg4 Rad8 20.Rd4 Rde8 
21.Ke2 Be5 22.Re4 Bxc3 23.Rxe8 Rxe8 24.bxc3 g5 
25.Kf3 h5 26.Kg3 Re4 27.a4 a5 28.Kf3 Rc4 29.Ra3 
Kh7 30.e4 Kg6 31.Ke3 Kf6 32.f3 Ke5 33.Kd3 Rc6 
34.Rb3 Rd6+ 35.Ke3 Rb6 36.Rxb6 cxb6 37.Kf2 Kf4 
38.c4 h4 39.Kg2 g4 40.fxg4 g5 41.Kf2 Kxg4 42.e5 
Kf5 43.e6 Kxe6 44.Kf3 Kf5 45.Kg2 g4 46.Kh2 Kf4 
47.Kg2 h3+ 48.Kh2 Kf3 49.Kg1 Kg3 50.Kh1 Kh4 51.Kh2 
g3+ 52.Kh1 h2 53.c5 Kh3 54.cxb6 {well, that`s it. 
have a nice day!}  g2+ {thx. same to you.} 
 0-1

[Event "HCL-C4179"]
[Site "www.playchess.de"]
[Date "2006.03.08"]
[Round "5"]
[White "Linman2"]
[Black "thor"]
[WhiteElo "1502"]
[BlackElo "974"]
[PlyCount "39"]
[Result "1-0"]

1.d4 e6 2.c4 d5 3.Nc3 c6 4.Nf3 Nd7 5.e3 Ngf6 
6.cxd5 cxd5 7.Bd3 Bb4 8.O-O O-O 9.a3 Be7 10.Bd2 b6 
11.Rc1 a5 12.Re1 Ba6 13.Bb1 Rc8 14.Ne5 Nxe5 
15.dxe5 Nd7 16.f4 f6 17.Qh5 fxe5 18.Bxh7+ Kh8 
19.Bg6+ Kg8 20.Qh7+ 1-0

[Event "HCL-C4164"]
[Site "www.playchess.de"]
[Date "2006.03.08"]
[Round "21"]
[White "Skipper_Robert"]
[Black "cla114"]
[WhiteElo "972"]
[BlackElo "851"]
[PlyCount "101"]
[Result "1-0"]

1.e4 e5 2.Nf3 Nc6 3.Bc4 Nf6 4.d3 Bc5 5.Ng5 O-O 
6.c3 d5 7.exd5 Bg4 8.f3 Bf5 9.dxc6 bxc6 10.b4 Bb6 
11.Bd2 Bxd3 12.Qb3 Bxc4 13.Qxc4 Qd5 14.Qh4 Qd3 
15.Ne4 Nxe4 16.Qxe4 Rad8 17.Qxd3 Rxd3 18.Na3 Be3 
19.O-O-O Rxc3+ 20.Kb2 Rd3 21.Nc4 Bd4+ 22.Kc2 e4 
23.fxe4 Rxd2+ 24.Rxd2 c5 25.bxc5 Bxc5 26.Rhd1 Be7 
27.g3 c5 28.h4 a6 29.h5 h6 30.g4 Ra8 31.e5 Bg5 
32.R2d3 a5 33.a4 f6 34.e6 Re8 35.R3d8 Kf8 36.e7+ 
Kxe7 37.Rxe8+ Kxe8 38.Nxa5 Bf4 39.Re1+ Kf7 40.Nc4 
Bg3 41.Ra1 g5 42.a5 Bb8 43.a6 Ba7 44.Ra4 f5 
45.Nd6+ Ke6 46.Nxf5 Kf6 47.Nxh6 Kg7 48.Nf5+ Kf6 
49.Re4 Bb8 50.Re8 Be5 51.a7 1-0

[Event "HCL-B3773"]
[Site "www.playchess.de"]
[Date "2006.03.08"]
[Round "8"]
[White "Du10"]
[Black "Berniemac"]
[WhiteElo "1034"]
[BlackElo "1200"]
[PlyCount "40"]
[Result "0-1"]

1.e4 e6 2.Qf3 Qe7 3.Nc3 g6 4.d3 Bh6 5.Nb5 Qb4+ 
6.Nc3 Bxc1 7.Qe2 Bxb2 8.Rb1 Qxc3+ 9.Kd1 Ba3 10.Nf3 
c6 11.Ng5 f6 12.Nf3 h5 13.Rb3 Qa1+ 14.Kd2 Qxa2 
15.Nd4 Qa1 16.Qe3 Qc1+ 17.Ke2 Qa1 18.g3 Bc1 19.Qf3 
e5 20.Rb4 Qc3 0-1

[Event "HCL-E1585"]
[Site "www.playchess.de"]
[Date "2006.03.08"]
[Round "7"]
[White "player_reh"]
[Black "vhpower"]
[WhiteElo "1418"]
[BlackElo "1623"]
[PlyCount "28"]
[Result "0-1"]

1.c4 {have a nice game}  e5 {hi! thank you}  2.e4 
Nf6 3.d3 Nc6 4.Nf3 Bc5 5.Be3 Bb6 6.Bxb6 axb6 7.Nc3 
d6 8.a3 O-O 9.b4 Bg4 10.Qd2 Bxf3 11.gxf3 Nd4 
12.Qd1 Nh5 13.a4 Nf4 14.Ne2 Nxf3+ 0-1

[Event "HCL-E1541"]
[Site "www.playchess.de"]
[Date "2006.03.08"]
[Round "18"]
[White "Vinci"]
[Black "vvv_v"]
[WhiteElo "1588"]
[BlackElo "1840"]
[PlyCount "76"]
[Result "0-1"]

1.e4 {hi and enjoy the game
}  e5 2.Nf3 Nc6 3.Nc3 Bc5 4.Bc4 Nf6 5.O-O O-O 6.a3 
d6 7.h3 Be6 8.Bxe6 fxe6 9.d3 d5 10.Bg5 d4 11.Ne2 
Qe8 12.b4 Bd6 13.b5 Nd8 14.c4 a6 15.a4 Nd7 16.Nh2 
Nf7 17.Bh4 axb5 18.axb5 Rxa1 19.Qxa1 c6 20.bxc6 
bxc6 21.Rb1 Nc5 22.Nc1 Nh8 23.f3 Qh5 24.Bf2 Ng6 
25.Rb6 Rc8 26.Nf1 {(offering draw)}  Nf4 27.Qb1 
Qf7 28.Bg3 Qc7 29.Bxf4 exf4 30.Nd2 Ra8 31.Kf1 Ra3 
32.Ke2 Na4 33.Rb3 Nc3+ 34.Rxc3 dxc3 35.Ndb3 Qb6 
36.d4 Qa6 37.Qd3 Rxb3 38.Nxb3 {good attack}  
Qa2+ 0-1

[Event "HCL-T256"]
[Site "www.playchess.de"]
[Date "2006.03.08"]
[Round "16"]
[White "BohdanL"]
[Black "abebebikila"]
[WhiteElo "1506"]
[BlackElo "1724"]
[PlyCount "64"]
[Result "0-1"]

1.e4 e5 2.f4 exf4 3.Nf3 {hi}  d6 4.d4 g5 5.h4 g4 
6.Ng1 Bh6 7.Ne2 Qf6 8.Nbc3 Ne7 9.Qd2 Nbc6 10.g3 
fxg3 11.Qxh6 Qf2+ 12.Kd2 g2 13.Bxg2 Qxg2 14.Rg1 
Qf2 15.b3 Nxd4 16.Kd3 b6 17.Be3 Ba6+ 18.Kd2 Nf3+ 
19.Kd1 Qxh4 20.Qxh4 Nxh4 21.Rxg4 Nf3 22.Nd4 Ne5 
23.Rg5 h5 24.Kc1 O-O-O 25.Kb2 Rdg8 26.Rag1 Rxg5 
27.Rxg5 Kd7 28.Nde2 h4 29.Bd4 N7g6 30.b4 Rh7 31.b5 
Bb7 32.Be3 Nc4+ 0-1

[Event "HCL-B3852"]
[Site "www.playchess.de"]
[Date "2006.03.08"]
[Round "10"]
[White "Saladin"]
[Black "knightprancer"]
[WhiteElo "1316"]
[BlackElo "1243"]
[PlyCount "80"]
[Result "0-1"]

1.e3 d5 {All the best !}  2.d4 {good game...}  e6 
3.Nf3 c5 4.a3 Qb6 5.Ne5 Nc6 6.Nxc6 bxc6 7.dxc5 
Bxc5 8.Qg4 g6 9.b4 Bf8 10.Bb2 e5 11.Qd1 Bg7 12.Be2 
Ne7 13.Qd2 O-O 14.a4 a5 15.Ba3 Re8 16.c3 Rd8 
17.O-O Qc7 18.Bb2 Bh6 19.g3 Bh3 20.Rc1 Nf5 21.Bf1 
Bg4 22.h3 Bf3 23.Bg2 Bxg2 24.Kxg2 d4 25.cxd4 exd4 
26.Qe1 dxe3 27.Qc3 Bg7 28.Qb3 exf2 29.Bxg7 Kxg7 
30.b5 c5 31.Rc2 f1Q+ 32.Kxf1 Nxg3+ 33.Kg2 Ne4 
34.Qe3 Rd4 35.Nd2 Qb7 36.Kf1 Nxd2+ 37.Rxd2 Rxd2 
38.Qxd2 Qh1+ 39.Kf2 Qxa1 40.b6 
Qd4+ 0-1

[Event "HCL-B3849"]
[Site "www.playchess.de"]
[Date "2006.03.08"]
[Round "17"]
[White "Genesio"]
[Black "evets"]
[WhiteElo "1091"]
[BlackElo "1367"]
[PlyCount "84"]
[Result "0-1"]

1.d4 {Welcome!}  e6 {Hello!}  2.c4 d5 3.Nc3 Bb4 
4.Bf4 Nf6 5.e3 Ne4 6.Nge2 dxc4 7.f3 Nxc3 8.Nxc3 
Bxc3+ 9.bxc3 Qd5 10.Be2 c5 11.O-O O-O 12.e4 Qc6 
13.Bxc4 cxd4 14.Qxd4 b6 15.Be5 f6 16.Bg3 Ba6 
17.Bxa6 Nxa6 18.Rad1 Rfd8 19.Qe3 Rac8 20.Rxd8+ 
Rxd8 21.h4 Qc4 22.e5 Rd3 23.Qe2 Rxc3 24.Qxc4 Rxc4 
25.exf6 gxf6 26.Re1 e5 27.Kf2 Rc2+ 28.Re2 Rxe2+ 
29.Kxe2 h5 30.Ke3 Kf7 31.Ke4 Ke6 32.f4 f5+ 33.Ke3 
e4 34.Be1 Nc5 35.Bb4 Nd3 36.Bc3 a5 37.a3 a4 38.Bd4 
b5 39.Kd2 Kd5 40.Kc3 Nxf4 41.Be3 Nxg2 42.Bf2 
f4 0-1

[Event "HCL-E1554"]
[Site "www.playchess.de"]
[Date "2006.03.08"]
[Round "5"]
[White "jsiggy2001"]
[Black "q77ro"]
[WhiteElo "1758"]
[BlackElo "1533"]
[PlyCount "73"]
[Result "1-0"]

1.e4 e5 2.Nf3 Nc6 3.Bb5 a6 4.Ba4 b5 5.Bb3 h6 6.O-O 
Nf6 7.d3 Bc5 8.a4 b4 9.Nxe5 Nxe5 10.d4 Bxd4 
11.Qxd4 Nc6 12.Qc4 O-O 13.a5 Qe7 14.f3 d6 15.Qxc6 
{Did you mean to do that? d6?}  Ra7 16.Qc4 {ok}  
c5 17.Qd3 Rd8 18.c3 Be6 19.Bxe6 Qxe6 20.cxb4 cxb4 
21.Ra4 Qe5 22.Be3 Raa8 23.Bd4 Qf4 24.Rxb4 d5 
25.Bxf6 Qxf6 26.exd5 Rd6 27.Nc3 Qe5 28.Qe4 Qg5 
29.Rb7 Rg6 30.f4 Qg4 31.g3 f5 32.Qe7 Qh3 33.Rf2 
Rc8 34.d6 Rc5 35.d7 Rxa5 36.d8Q+ Kh7 
37.Qxa5 1-0

[Event "HCL-B3844"]
[Site "www.playchess.de"]
[Date "2006.03.08"]
[Round "8"]
[White "blue"]
[Black "Kannsnich"]
[WhiteElo "1157"]
[BlackElo "1277"]
[PlyCount "136"]
[Result "0-1"]

1.e4 c6 2.Nf3 d5 3.e5 Bg4 4.d4 e6 5.Be2 Nd7 6.c3 
Ne7 7.b4 Rc8 8.Bg5 Qc7 9.Nh4 Bxe2 10.Qxe2 b6 11.a3 
c5 12.Nf3 Nf5 13.bxc5 bxc5 14.O-O cxd4 15.cxd4 Be7 
16.Bxe7 Nxe7 17.Nbd2 O-O 18.Nb3 Qb6 19.Rab1 Qd8 
20.Qa6 Rc7 21.Rfc1 Rxc1+ 22.Rxc1 Qb8 23.Qa4 Nb6 
24.Qa6 Rc8 25.Nc5 Nc4 26.Qa4 Qb2 27.Rf1 Qxa3 
28.Qd7 Kf8 29.Ng5 Nxe5 30.Ncxe6+ fxe6 31.Nxe6+ Kg8 
32.dxe5 Qb4 33.Ng5 h6 34.Qe6+ Kh8 35.Nf7+ Kh7 
36.Nd6 Rc7 37.f4 Qb6+ 38.Kh1 Nc8 39.Qf5+ g6 40.Qf8 
Nxd6 41.exd6 Rd7 42.f5 Qxd6 43.fxg6+ Qxg6 44.Qc8 
Rg7 45.g3 Rf7 46.Re1 Qf6 47.Qc2+ Qg6 48.Qc5 Qd3 
{really nice game each move is powerful}  49.Kg2 
{IT SURE HAS BEEN}  Qd2+ 50.Kh3 Qxe1 51.Qxd5 Qf1+ 
52.Kh4 Qf6+ 53.Kh3 Qf5+ 54.Qxf5+ Rxf5 55.g4 Rb5 
56.Kh4 a5 57.h3 a4 58.Kg3 a3 59.Kf4 a2 60.h4 a1Q 
61.g5 Qf1+ 62.Kg4 Qg2+ 63.Kf4 Rb4+ 64.Kf5 Qe4+ 
65.Kf6 Rb6+ 66.Kf7 Qg6+ 67.Ke7 Rb7+ 68.Kd8 
Qg8+ 0-1

[Event "HCL-B3881"]
[Site "www.playchess.de"]
[Date "2006.03.08"]
[Round "18"]
[White "WStanEvans"]
[Black "RUDI"]
[WhiteElo "1386"]
[BlackElo "1234"]
[PlyCount "59"]
[Result "1/2-1/2"]

1.e4 e5 {hello and good morning}  2.f4 {Thankyou 
and same to you!}  Nc6 3.Nf3 exf4 4.d4 d5 5.e5 
Bb4+ 6.c3 Ba5 7.Bxf4 Nge7 8.Bd3 O-O 9.Qc2 Ng6 
10.Bg3 Re8 11.O-O a6 12.Nbd2 b5 13.b4 Bb6 14.Kh1 
Be6 15.Nb3 Rf8 16.a4 bxa4 17.Rxa4 Qd7 18.Rxa6 Rxa6 
19.Bxa6 f5 20.exf6 Rxf6 21.Nc5 Bxc5 22.bxc5 Nce7 
23.Bd3 c6 24.Kg1 h6 25.Ne5 Rxf1+ 26.Bxf1 Bf5 
27.Bd3 Nxe5 28.Bxf5 Qxf5 29.Qxf5 Nxf5 30.Bxe5 
{(offering draw)}  1/2-1/2

[Event "HCL-C3985"]
[Site "www.playchess.de"]
[Date "2006.03.08"]
[Round "29"]
[White "Regicide"]
[Black "ronan48"]
[WhiteElo "958"]
[BlackElo "959"]
[PlyCount "60"]
[Result "0-1"]

1.e4 {Hello, again}  e5 {Good to play with you !}  
2.Nf3 {Thank you}  d6 3.h3 Nc6 4.c3 Nf6 5.b4 b6 
6.Bc4 h6 7.a4 a5 8.Bb5 Bd7 9.Na3 axb4 10.cxb4 Nxb4 
11.Qb3 c5 12.Be2 Nxe4 13.g4 g5 14.d3 Nf6 15.Bd2 
Bxa4 16.Qc4 b5 17.Nxb5 Bxb5 18.Qxb5+ Nd7 19.d4 
Rxa1+ 20.Bd1 e4 21.Bc3 exf3 22.Bxa1 Qe7+ 23.Kf1 
Qf6 24.Qb7 Be7 25.Ba4 O-O 26.Qxd7 cxd4 27.Kg1 Ra8 
28.Bxd4 Qxd4 29.Qxe7 Nd3 30.Bb3 
Qxf2+ 0-1

[Event "HCL-C4130"]
[Site "www.playchess.de"]
[Date "2006.03.08"]
[Round "4"]
[White "ronan48"]
[Black "Grunert"]
[WhiteElo "876"]
[BlackElo "1023"]
[PlyCount "31"]
[Result "0-1"]

1.e4 {Hello !}  e5 {hi again}  2.Nf3 {Have a good 
tournament !}  d6 {thanks, you too}  3.Nc3 {thanks 
!}  Nf6 4.d4 exd4 5.Qxd4 Nc6 6.Qa4 Bd7 7.Qb4 Nxb4 
{???}  8.Bd2 {I know !}  Nxc2+ {can happen!}  
9.Ke2 Nxa1 10.Ke3 Nc2+ 11.Ke2 Qe7 12.g3 Nxe4 
13.Nxe4 Qxe4+ 14.Kd1 Qxf3+ 15.Kxc2 Qxh1 
16.Be2 0-1

[Event "HCL-B3907"]
[Site "www.playchess.de"]
[Date "2006.03.08"]
[Round "15"]
[White "nico21"]
[Black "Absoluter_Beginner"]
[WhiteElo "1542"]
[BlackElo "1721"]
[PlyCount "62"]
[Result "0-1"]

1.e4 e5 2.Nf3 Nc6 3.Bb5 d6 4.O-O Nf6 5.Nc3 Bd7 
6.Re1 a6 7.Bc4 Be7 8.d3 Bg4 9.h3 Bh5 10.a3 Nd4 
11.g4 Nxf3+ 12.Qxf3 Bg6 13.h4 h6 14.h5 Bh7 15.Nd5 
Qd7 16.Nxf6+ Bxf6 17.Bd5 c6 18.Bb3 O-O-O 19.Kh2 
Rdf8 20.Rg1 Be7 21.Qe3 Bg5 22.Qa7 g6 23.hxg6 Bxg6 
24.f3 h5 25.Bxg5 hxg4+ 26.Kg3 Rh3+ 27.Kf2 gxf3 
28.Qa8+ Kc7 29.Qxf8 Rh2+ 30.Ke3 Re2+ 31.Kxf3 Bh5+ 
{checkmate with the next move} 
 0-1

[Event "ACL-A639"]
[Site "www.playchess.de"]
[Date "2006.03.08"]
[Round "5"]
[White "M_L"]
[Black "Eishockeytorwart"]
[WhiteElo "1883"]
[BlackElo "1500"]
[PlyCount "79"]
[Result "1-0"]

1.e4 e5 2.Bc4 Nf6 3.d3 Bc5 4.Nf3 Nc6 5.O-O d6 6.c3 
O-O 7.b4 Bb6 8.a4 a5 9.b5 Ne7 10.Nbd2 Ng6 11.Re1 
c6 12.Ba3 Re8 13.bxc6 bxc6 14.Qc2 d5 15.exd5 cxd5 
16.Bb5 Bd7 17.c4 Rc8 18.c5 Bxb5 19.axb5 Qd7 
20.Rab1 Qf5 21.Nf1 Nf4 22.Ng3 Qxd3 23.Qxd3 Nxd3 
24.cxb6 Nxe1 25.Nxe1 Rcb8 26.Nf5 g6 27.Ne7+ Kg7 
28.Nc6 Rxb6 29.Bc5 Rb7 30.Nxa5 Rc7 31.Nd3 Nd7 
32.Bd6 Rc3 33.Nb4 f6 34.Nac6 d4 35.Nd5 Rc4 36.Rd1 
g5 37.h4 gxh4 38.Ra1 Kg6 39.Ra7 Nc5 
40.Nce7+ 1-0

[Event "HCL-E1550"]
[Site "www.playchess.de"]
[Date "2006.03.08"]
[Round "5"]
[White "pruliere"]
[Black "baggur"]
[WhiteElo "1840"]
[BlackElo "1631"]
[PlyCount "93"]
[Result "1-0"]

1.Nf3 {hello Baggur, another game....i hope you'll 
have fun}  Nf6 {Hello, pleased to meet you again}  
2.d4 g6 3.c4 {yes...I'm pleased too....}  Bg7 
4.Be3 O-O 5.Qd2 Ng4 6.Bg5 h6 7.Bh4 Kh7 8.e4 d6 
9.Be2 Nd7 10.h3 Ngf6 11.Nc3 c5 12.d5 a6 13.O-O-O 
b5 14.cxb5 axb5 15.Bxb5 Qa5 16.Bc6 Rb8 17.Rde1 Nb6 
18.Qc2 Bd7 19.Bxd7 Nbxd7 20.Kd2 Nb6 21.Ke2 Nc4 
22.b3 Na3 23.Qd2 c4 24.Nd4 cxb3 25.Nxb3 Qb4 26.f3 
Rfc8 27.Rec1 Nc4 28.Qe1 Ne5 29.Qd2 Qc4+ 30.Kd1 Nd3 
31.Rc2 g5 32.Be1 Nxe1 33.Rxe1 Nd7 34.Ne2 Qa4 
35.Nec1 Nb6 36.Ke2 Be5 37.Kf1 Bf4 38.Qd3 Rxc2 
39.Qxc2 Rc8 40.Qf2 h5 41.Qxb6 Qc4+ 42.Ne2 Qd3 
43.Qb7 Rc2 44.Qxe7 Bg3 45.Qxf7+ Kh6 46.Nbd4 h4 
{congrats!}  47.Nf5+ {I've been very lucky on that 
one....Your pressure on my queenside was so good. 
I was on the point to give up several times until 
you blundered your knight...You deserve the 
congratulations!!}  1-0

[Event "HCL-B3902"]
[Site "www.playchess.de"]
[Date "2006.03.08"]
[Round "6"]
[White "nogoodnik"]
[Black "Cris_Kirshbom"]
[WhiteElo "1200"]
[BlackElo "1500"]
[PlyCount "48"]
[Result "0-1"]

1.e4 {Hi. Good luck.}  c5 2.f4 d6 {Good luck you 
too}  3.Nf3 Nc6 4.Bc4 e6 5.Nc3 Nf6 6.O-O Be7 7.d4 
cxd4 8.Nxd4 Qb6 9.Bb5 e5 10.Bxc6+ bxc6 11.fxe5 
dxe5 12.Be3 exd4 13.Bxd4 Bc5 14.Na4 Bxd4+ 15.Kh1 
Qd8 16.c3 Bb6 17.Nxb6 Qxb6 18.b3 O-O 19.Qd3 Ng4 
20.Rad1 Nf2+ 21.Rxf2 Qxf2 22.a4 a5 23.Qd8 Bg4 
24.b4 Raxd8 0-1

[Event "HCL-C4181"]
[Site "www.playchess.de"]
[Date "2006.03.08"]
[Round "1"]
[White "Skipper_Robert"]
[Black "Grunert"]
[WhiteElo "977"]
[BlackElo "985"]
[PlyCount "62"]
[Result "0-1"]

1.e4 e5 2.Nf3 d6 3.d3 Nc6 4.Be3 Nf6 5.d4 exd4 
6.Bxd4 g6 7.Bd3 Nxd4 8.c3 Nxf3+ {Trick?}  9.Qxf3 
{ne, zu schnell mit der Maus!}  Bg7 10.h3 O-O 
11.O-O Re8 12.Nd2 b6 13.b4 Bb7 14.Nc4 Rb8 15.Rae1 
Re7 16.g4 Qe8 17.Nd2 d5 18.e5 Nd7 19.Qg3 Bxe5 
20.Rxe5 Nxe5 21.Be2 Rc8 22.f4 Nc4 23.Nf3 Rxe2 
24.Ng5 Qe7 25.h4 Qe3+ 26.Qxe3 Rxe3 27.f5 Ne5 
28.fxg6 fxg6 29.h5 Rg3+ 30.Kh2 Rxg4 31.Rf5 
Rxg5 0-1

[Event "HCL-B3868"]
[Site "www.playchess.de"]
[Date "2006.03.08"]
[Round "21"]
[White "Rochade_III"]
[Black "SAROS"]
[WhiteElo "964"]
[BlackElo "1233"]
[PlyCount "44"]
[Result "0-1"]

1.e4 g6 2.Nf3 Bg7 3.d4 d5 4.exd5 Qxd5 5.Nc3 Qd8 
6.Bc4 Nc6 7.O-O Bg4 8.Re1 Nxd4 9.Nb5 c6 10.Nbxd4 
Bxd4 11.Qxd4 Qxd4 12.Nxd4 e6 13.Bf4 O-O-O 14.c3 
Ne7 15.f3 Bf5 16.Rad1 h6 17.g4 Bxg4 18.fxg4 g5 
19.Be5 Rhg8 20.Ref1 Rdf8 21.Bd6 Kd8 22.Bxe7+ 
Kxe7 0-1

[Event "HCL-A2565"]
[Site "www.playchess.de"]
[Date "2006.03.08"]
[Round "14"]
[White "SMLooking"]
[Black "Lennin"]
[WhiteElo "1460"]
[BlackElo "1490"]
[PlyCount "76"]
[Result "0-1"]

1.d4 {hi, gl}  Nf6 {Hi!}  2.c4 c5 3.d5 d6 4.Nc3 e6 
5.e4 exd5 6.cxd5 a6 7.Bg5 Be7 8.Nf3 Bg4 9.h3 Bxf3 
10.Qxf3 Nbd7 11.Bd3 b5 12.Qf5 h6 13.Bh4 g6 14.Qf3 
O-O 15.O-O Rc8 16.Rac1 Nxd5 17.Bxe7 Nxe7 18.Nd5 
Nxd5 19.exd5 Ne5 20.Qg3 Nxd3 21.Qxd3 c4 22.Qe3 Kh7 
23.Qf4 Kg7 24.Rfe1 Qf6 25.Qxf6+ Kxf6 26.g4 g5 
27.Rc3 Rc5 28.Rf3+ Kg6 29.Rf5 b4 30.Re3 c3 31.bxc3 
bxc3 32.Re1 c2 33.Rc1 Rb8 34.Kg2 Rb1 35.Rxc2 Rxc2 
36.Rf3 Rbb2 37.a3 Rcd2 38.Rf5 Rb5 0-1

[Event "HCL-C4182"]
[Site "www.playchess.de"]
[Date "2006.03.08"]
[Round "5"]
[White "ivofle"]
[Black "Grunert"]
[WhiteElo "807"]
[BlackElo "1018"]
[PlyCount "33"]
[Result "1-0"]

1.e4 e5 2.a3 d6 3.Bc4 h6 4.h3 Nc6 5.Nf3 b6 6.d3 
Bb7 7.Be3 Nf6 8.Nc3 Be7 9.Nh4 g6 10.d4 exd4 11.Bd2 
dxc3 12.Bxc3 Rg8 13.Qf3 Nh5 14.Qxf7+ Kd7 15.Qe6+ 
Ke8 16.Qf7+ Kd7 17.Be6+ 1-0

[Event "HCL-A2571"]
[Site "www.playchess.de"]
[Date "2006.03.08"]
[Round "4"]
[White "mbueno"]
[Black "Herb_CN"]
[WhiteElo "1529"]
[BlackElo "1477"]
[PlyCount "61"]
[Result "1-0"]

1.b3 {Greetings from Brasil. Good luck in the game 
and the tournament.}  e5 {Hello from Pennsylvania 
and best wishes for a good game.}  2.Bb2 Nc6 3.c4 
Nf6 4.Nc3 d5 5.cxd5 Nxd5 6.e3 a6 7.Bc4 Be6 8.Nge2 
Qd7 9.Ne4 Be7 10.O-O O-O 11.d4 f6 12.N2c3 Rad8 
13.Bxd5 Bxd5 14.Nxd5 Qxd5 15.Nc3 Qf7 16.d5 Nb4 
17.e4 c6 18.a3 Nxd5 19.exd5 cxd5 20.b4 d4 21.Ne4 
Qd5 22.Qe2 f5 23.Nd2 Rdc8 24.Qd3 Kh8 25.f4 Bd6 
26.Nf3 Rcd8 27.fxe5 Bxe5 28.Nxe5 Qxe5 29.Rae1 Qd5 
30.Rf4 Kg8 31.Rxd4 1-0

[Event "HCL-C4016"]
[Site "www.playchess.de"]
[Date "2006.03.08"]
[Round "23"]
[White "Viking"]
[Black "Grunert"]
[WhiteElo "980"]
[BlackElo "929"]
[PlyCount "120"]
[Result "1/2-1/2"]

1.d4 d5 2.Nf3 e6 3.e3 g6 4.c4 dxc4 5.Bxc4 Bg7 6.e4 
Nc6 7.O-O Nf6 8.Bg5 h6 9.Bxf6 Bxf6 10.Nc3 Bxd4 
11.Bb5 Bxc3 12.Qb3 Bg7 13.e5 Bd7 14.Rad1 O-O 
15.Rfe1 a6 16.Bc4 b5 17.Bd3 Qe7 18.Be4 Rad8 19.h3 
Nxe5 20.Rdc1 Nxf3+ 21.Qxf3 Qf6 22.Rxc7 Qxf3 
23.Bxf3 Bxb2 24.Ra7 Bc8 25.Bb7 Bxb7 26.Rxb7 Rd5 
27.g3 Rfd8 28.a4 bxa4 29.Rxb2 R5d1 30.Kf1 Rxe1+ 
31.Kxe1 Rd3 32.Rb6 Rd4 33.Rxa6 Kg7 34.Ke2 Kf6 
35.Ke3 Rb4 36.f4 Kf5 37.g4+ Kf6 38.h4 h5 39.Kf3 
hxg4+ 40.Kxg4 Kg7 41.Ra5 Kf8 42.Kg5 Ke7 43.Ra7+ 
Kd6 44.Rxf7 a3 45.Ra7 Rb3 46.Ra5 Rg3+ 47.Kf6 Rf3 
48.Kxg6 Rxf4 49.h5 Rg4+ 50.Kh7 Ke7 51.Rxa3 Kf6 
52.h6 Rd4 53.Ra8 Rd7+ 54.Kg8 Rf7 55.h7 Rg7+ 56.Kh8 
Kg6 57.Re8 Rxh7+ 58.Kg8 Rg7+ 59.Kh8 Kf7 60.Rxe6 
Kxe6 {(offering draw)}  1/2-1/2

[Event "HCL-A2634"]
[Site "www.playchess.de"]
[Date "2006.03.08"]
[Round "10"]
[White "Nulnulnix"]
[Black "Wernswig"]
[WhiteElo "1336"]
[BlackElo "1390"]
[PlyCount "62"]
[Result "0-1"]

1.e4 {Neue Chance, neues Glück !}  e5 {hallo, auf 
ein interesantes spiel}  2.c4 Bc5 3.Nc3 Ne7 4.Nf3 
Nbc6 5.Nd5 d6 6.h3 Be6 7.a3 O-O 8.b4 Bd4 9.Ra2 a6 
10.d3 f5 11.Nxe7+ Qxe7 12.Bg5 Qf7 13.b5 axb5 
14.cxb5 Bxa2 15.bxc6 bxc6 16.Nxd4 fxe4 17.f3 exd4 
18.dxe4 Rxa3 19.Qxd4 c5 20.Qb2 Rb3 21.Qc2 Rfb8 
22.Be2 R3b1+ 23.Bc1 Rxc1+ 24.Qxc1 Rb1 25.O-O Rxc1 
26.Rxc1 c4 27.Rc2 Bb3 28.Rc3 c6 29.Kf2 d5 30.exd5 
cxd5 31.Ke1 Qa7 0-1

[Event "HCL-E1465"]
[Site "www.playchess.de"]
[Date "2006.03.08"]
[Round "3"]
[White "vhpower"]
[Black "Bill"]
[WhiteElo "1632"]
[BlackElo "1682"]
[PlyCount "123"]
[Result "1-0"]

1.e4 {hi}  e5 2.Nf3 Nc6 3.Bc4 Bc5 4.d3 d6 5.Be3 
Bg4 6.Nbd2 Bxe3 7.fxe3 Nf6 8.O-O O-O 9.Qe1 Nb4 
10.Bb3 Be6 11.Qd1 Ng4 12.Re1 h6 13.a3 Bxb3 14.Nxb3 
Nc6 15.Qe2 Qd7 16.Ref1 Ne7 17.Nbd2 Ng6 18.h3 Nf6 
19.Nh2 d5 20.exd5 Qxd5 21.Ng4 Nd7 22.Kh1 Qc6 23.c3 
f5 24.Nh2 f4 25.Ne4 Qe6 26.Nf3 Rad8 27.Rad1 Kh8 
28.Nf2 Rde8 29.Ng4 Qb6 30.exf4 exf4 31.Qc2 h5 
32.Nf2 Nc5 33.d4 Nd7 34.Rde1 Rxe1 35.Rxe1 Rf6 
36.Ng5 Ndf8 37.Nfe4 Rf5 38.Nf3 Ne6 39.Ng3 fxg3 
40.Qxf5 Nef8 41.Qxh5+ Kg8 42.Qd5+ Kh8 43.b4 Qa6 
44.Ne5 Nxe5 45.Qxe5 Qd6 46.Qxd6 cxd6 47.Re3 a6 
48.a4 b5 49.axb5 axb5 50.Rxg3 Nh7 51.Re3 Nf6 52.g4 
Nd5 53.Rf3 Kg8 54.Kg2 g5 55.Kg3 Kg7 56.h4 gxh4+ 
57.Kxh4 Kg6 58.g5 Kg7 59.Kh5 Ne7 60.g6 Nd5 61.Rf7+ 
Kg8 62.Kh6 1-0

[Event "HCL-A2635"]
[Site "www.playchess.de"]
[Date "2006.03.08"]
[Round "10"]
[White "Rale"]
[Black "baggur"]
[WhiteElo "1906"]
[BlackElo "1601"]
[PlyCount "69"]
[Result "1-0"]

1.d4 Nf6 2.Nc3 g6 3.e4 d6 4.Bc4 Bg7 5.Nf3 O-O 6.h3 
c5 7.d5 a6 8.a4 Qa5 9.Bd2 Qc7 10.Qc1 Nbd7 11.Nh2 
Ne5 12.Be2 c4 13.f4 Ned7 14.g4 Rb8 15.g5 Ne8 16.h4 
b5 17.h5 b4 18.Nd1 c3 19.bxc3 bxc3 20.Be3 Nc5 
21.Nf2 e6 22.dxe6 fxe6 23.hxg6 hxg6 24.Nhg4 Kf7 
25.Qd1 Qb7 26.Bxc5 dxc5 27.Bf3 Nc7 28.e5 Nd5 
29.Ne4 Qb4 30.Nd6+ Kg8 31.Bxd5 Qxf4 32.Ne4 exd5 
33.Qxd5+ {gg}  Rf7 34.Ngf6+ Bxf6 
35.Nxf6+ 1-0

[Event "HCL-A2607"]
[Site "www.playchess.de"]
[Date "2006.03.08"]
[Round "5"]
[White "RUDI"]
[Black "Alex77"]
[WhiteElo "1256"]
[BlackElo "1341"]
[PlyCount "40"]
[Result "1/2-1/2"]

1.c4 {ciao!}  Nf6 {ciao!}  2.Nc3 g6 3.d4 d5 4.e3 
Bg7 5.Nf3 O-O 6.Be2 Bg4 7.O-O e6 8.c5 Nc6 9.a3 a6 
10.Nd2 Bxe2 11.Qxe2 Qe7 12.b4 Rfe8 13.Nf3 Ne4 
14.Nxe4 dxe4 15.Nd2 f5 16.Nc4 Rad8 17.Ra2 e5 
18.dxe5 Nxe5 19.Nxe5 Bxe5 20.Rd1 Rxd1+ {(offering 
draw)}  1/2-1/2

[Event "HCL-C4154"]
[Site "www.playchess.de"]
[Date "2006.03.08"]
[Round "3"]
[White "Grunert"]
[Black "epenz"]
[WhiteElo "1012"]
[BlackElo "951"]
[PlyCount "67"]
[Result "1-0"]

1.d4 d5 2.e3 Nc6 3.Nf3 Nf6 4.Nc3 e6 5.g3 Bb4 6.Bd2 
h6 7.a3 Bxc3 8.Bxc3 O-O 9.Bg2 Ne7 10.Ne5 b6 11.Bb4 
a5 12.Bxe7 Qxe7 13.O-O c5 14.dxc5 bxc5 15.c3 Rb8 
16.Nc6 Qb7 17.Nxb8 Qxb8 18.Rb1 e5 19.Bxd5 Rd8 
20.f3 Nxd5 21.Qe2 Qa8 22.Rfd1 Ba6 23.Qd2 Nf6 
24.Qxd8+ Qxd8 25.Rxd8+ Kh7 26.Ra8 Bd3 27.Rd1 Bc4 
28.Rxa5 g5 29.Rxc5 Be6 30.Rd6 Kg6 31.Rcc6 Kf5 
32.g4+ Kg6 33.Rdxe6 fxe6 34.Rxe6 1-0